Finish the Hamilton Lyrics #5 - Statistics

General Stats
  • This quiz has been taken 168 times
  • The average score is 39 of 47
Answer Stats
Hint Answer % Correct
But, look around, look _______ around
95%
Look ______, look around around
95%
That his daughters, Peggy, Angelica, _____ Eliza
95%
Daddy doesn't need to ____ know
95%
Than going downtown and slummin' it with the ____ poor
95%
Like I said, you're ___ to go free
94%
Daddy said to be ____ by sundown home
94%
Uh-oh, but little ____ he know does
93%
Daddy said ___ to go downtown not
92%
The ________ sisters! Angelica! Peggy! Eliza! (Work!) Schuyler
92%
I'm a _____ fund, baby, you can trust me trust
91%
There's nothing rich _____ love more folks
90%
But your _______ smells like your daddy's got money perfume
89%
Burr, you _______ me disgust
88%
People shouting in the ______ square
88%
It's bad ______ Daddy wants to go to war enough
86%
Eliza, I'm lookin' for a ____ at work mind
86%
Angelica, ______ me what we're looking for remind
86%
New _____ in the air ideas
85%
So men say that I'm intense or I'm ______ insane
85%
And when I meet _______ Jefferson (unh!) Thomas
85%
So listen to my __________ declaration
84%
Excuse me, miss, I know it's not _____ funny
84%
At how lucky we are to be alive right ___ now
84%
It's bad enough there'll be ________ on our shore violence
84%
At how lucky we are to be _____ right now alive
83%
Look around, ____ around look
83%
Take ______` Schuyler, the man is loaded Philip
82%
The ____________ happening in New York! (New York!) revolutions
82%
In the greatest city in the _____ world
82%
In the greatest city in the _____! world
82%
That all men are _______ equal" created
81%
You want a revolution I want a __________ revelation
81%
Whoo! There's nothin' like ______ in the city summer
81%
"We hold these ______ to be self-evident truths
80%
And we just happen to be in the _______ city in the world greatest
79%
Ah, so you've _________ me discussed
78%
I'ma compel him to include women in the ______ (work!) sequel
77%
________! (Work, work!) Eliza! And Peggy! (Work, work!) Angelica
76%
I've been reading "Common Sense" by Thomas _____ Paine
76%
Why you slummin' in the ____ in your fancy heels? city
75%
______ is happening in Manhattan History
75%
They pull up in their ________ and gawk carriages
74%
_____ into the city just to watch all the guys at- Sneak
69%
Someone in a ____ next to someone lookin' pretty rush
68%
At the _________ in the common just to watch 'em talk students
64%
You searchin' for an _____ who can give you ideals? urchin
61%
No matching quizzes found
Score Distribution
Percent of People with Each Score
Percentile by Number Answered
Your Score History
You have not taken this quiz